| 000 | 01008nam a22002537a 4500 | ||
|---|---|---|---|
| 005 | 20240530110452.0 | ||
| 008 | 150406s2010 ua af f 000 0 eng d | ||
| 017 |
_a2009/20044 _bمصر . دار الكتب المصرية |
||
| 020 | _a9789774796110 | ||
| 040 | _aEG-CaGPL | ||
| 082 | 0 | 4 |
_221 _a932 _bق/د م |
| 100 | 1 | _aدوسون ، ادان | |
| 245 | 1 | 0 |
_aملوك على النيل / _cتاليف ادان دوسون ؛ ترجمة مروة سعيد الفقى |
| 250 | _aط1 | ||
| 260 |
_aالقاهرة : _bالمركز القومى للترجمة ، _c2010. |
||
| 300 |
_a231 ص : _bلوحات ؛ _c24 سم. |
||
| 490 |
_aالمشروع القومى للترجمة ؛ _v1529 |
||
| 650 | 0 | 4 |
_aالحضارة المصرية لقديمة _xمقالات |
| 650 | 0 | 4 |
_aالقصص التاريخية _zمصر القديمة |
| 651 | 0 | 4 |
_aمصر القديمة _xمقالات |
| 700 | 0 |
_aمروة سعيد الفقى _eمترجم |
|
| 942 |
_2ddc _cBK |
||
| 999 |
_c61272 _d61272 |
||